Responses for Show #9043 - Wednesday, February 21, 2024

2024 Champions Wildcard Group 2 final game 1.

Contestants

[<< previous game]

Mira Hayward, a podcast host from Portland, Oregon

Jesse Matheny, a customer success specialist originally from Huntington, Indiana

Deb Bilodeau, a restaurant server from San Francisco, California

[next game >>]

Jeopardy! Round responses

SCIENCE QUIZ
1990s MUSIC
FUN & GAMES
BOOZY
IT'S REIGNING MEN!
HALLELUJAH!
    $200 25
plasma

Jesse
    $200 15
(Ken: That's it, we're all out of '90s MUSIC, and while we mourn we're gonna take a quick break.)

1979

Jesse
    $200 28
cornhole

Jesse
    $200 27
(Deb: What is tequilé? [*].)
(Ken: Yes, you corrected it in time.)

tequila

Deb
    $200 29
Sweden

Jesse
    $200 30
yippee

Deb
    $400 24
waves

Deb
    $400 14
(Deb: Glad I got that right.)

"Un-Break My Heart"

Deb
    $400 22
a mullet

Jesse
    $400 26
(Ken: Do you like [*]?)
(Jesse: They're okay.)

piña coladas

Jesse
    $400 18
Ramses

Jesse
    $400 20
huzzah

Mira
    $600 23
an omnivore

Jesse
    $600 13
Oasis

Deb
    $600 21
Magic: The Gathering

Deb
    $600 16
Arnold Palmer

Jesse
    $600 17
Monaco

Mira
    $600 19
(Ken: That's well said.)

yaaas

Deb
    $800 12
photosynthesis

Deb
    $800 8
Weezer

Deb
    $800 6
Dungeons & Dragons

Deb
    $800 4
amaretto

Mira
    $800 1
the Romanovs

Deb
    $800 9
woo-hoo!

Jesse
    $1000 3
biodiversity

Mira
    $1000 7
"Under The Bridge"

Jesse
    $1000 11
mumblety-peg

Triple Stumper
    $1000 5
Drambuie

Mira
    $1000 2
George III

Deb
    $1,800 10
(Ken: A unit of radiation exposure.)

rad

Jesse

Scores at the first commercial break (after clue 15):

Deb Jesse Mira
$5,200 $3,800 $2,800

Scores at the end of the Jeopardy! Round:

Deb Jesse Mira
$7,200 $6,800 $3,800

Double Jeopardy! Round responses

PLACES TO VISIT
AMERICAN AUTHORS
ART & ARTISTS
ENDS IN "IR"
EXTREMELY RANDOM CALCULATIONS
MR. STEVE MARTIN
    $400 23
Venice

Mira
    $400 24
Morrison

Deb
    $400 28
Icarus

Mira
    $400 29
souvenir

Mira
    $400 30
(Ken: 360 over 9.)

40

Jesse
    $400 27
(John) Candy

Deb
    $800 22
Bangkok

Mira
    $800 19
Amy Tan

Triple Stumper
    $1,000 21
(Ken: Jesse?)
(Jesse: What's a... [*]?)
...
(Ken: Paloma Picasso, Paloma meaning [*]. Good guess.)

dove

Jesse
    $800 18
a reservoir

Jesse
    $800 20
(Ken: 12 times 5, you got it.)

60

Jesse
    $800 26
Only Murders in the Building

Jesse
    $8,800 10
(Jesse: What are the Falklands?)
...
(Ken: I bet you considered both.)
(Jesse: Yes.)

the Galápagos

Jesse
    $1200 16
Franzen

Deb
    $1200 6
the Good Samaritan

Mira
    $1200 17
Kashmir

Mira
    $1200 11
(Ken: 1,050 minus 42 is [*].)

1,008

Triple Stumper
    $1200 25
Roxanne

Deb
    $1600 3
Marrakesh

Triple Stumper
    $1600 1
Louis L'Amour

Triple Stumper
    $1600 4
Vermeer

Deb
    $1600 7
abattoir

Mira
    $1600 14
(Ken: 48 over 8, right.)

6

Jesse
    $1600 12
Alec Baldwin

Deb
    $2000 2
Shaolin

Mira
    $2000 9
Willa Cather

Jesse
    $2000 5
Fauvism

Deb
    $2000 8
(Ken: This one ends I-aargh; it's [*].)

a corsair

Triple Stumper
    $2000 15
(Mira: Oh--uh, what is 1,500?)
(Deb: What is 500?)
...
(Ken: It's 400 minus 500 so it's [*].)

-100

DebMira
Triple Stumper
    $2000 13
All of Me

Triple Stumper

Scores at the end of the Double Jeopardy! Round:

Deb Jesse Mira
$13,600 $5,400 $9,800

Final Jeopardy! Round responses

19th CENTURY AMERICANS
(Ken: [To Jesse] Who is Braddock? The famous boxer, I believe?)
[Jesse nods.]
...
(Ken: [To Mira] You came up with the right showdown, but that's not the right 19th century American, I'm afraid.)
...
(Ken: [To Deb] Yes, it was the gunfight at the O.K. Corral, but [*] is the one that later ran afoul with his boxing shenanigans.)
JesseWho is Braddock?
$2,600
MiraWho is Doc Holiday?
$7,000
DebWho is Wyatt Earp?
$8,000
Wyatt Earp

Final scores:

Deb Jesse Mira
$21,600 $2,800 $2,800

Game dynamics:

Coryat scores:

Deb Jesse Mira
$13,600 $13,200 $9,800
19 R,
1 W
19 R
(including 2 DDs),
1 W
(including 1 DD)
13 R,
1 W

Combined Coryat: $36,600

[game clues] [game scores] [suggest correction]

Game tape date: 2024-01-19
The J! Archive is created by fans, for fans. Scraping, republication, monetization, and malicious use prohibited; this site may use cookies and collect identifying information. See terms. The Jeopardy! game show and all elements thereof, including but not limited to copyright and trademark thereto, are the property of Jeopardy Productions, Inc. and are protected under law. This website is not affiliated with, sponsored by, or operated by Jeopardy Productions, Inc. Join the discussion at JBoard.tv.